MacFormat

Saved in:
Bibliographic Details
Format: Serial
Language:English
Published: Bath : Future Publishing, 1993-
Subjects:
Tags: Add Tag
No Tags, Be the first to tag this record!

MARC

LEADER 00000nas a2200000 i 4500
001 1/48663
008 040216c19939999uk r r 0 |eng||
022 |a 0968-3305  
035 |l 10072287 
040 |a GR-MY-UA  |b gre  |e aacr 
041 0 |a eng 
082 0 |a 004.05   |2 (21) 
245 0 0 |a MacFormat   |h [περιοδικό]  
260 |a Bath :   |b Future Publishing,   |c 1993- 
300 |a v. :   |b εικ. ;   |c 29 εκ.  
310 |a Μηνιαίο με ένα επιπλέον τεύχος.  
650 0 0 |a Computers  |v Periodicals. 
853 |a INST  |b LESVOS  |c SER  |h 004.05 
901 |a BIBL1-2004-1 
970 |a ΤΖΑΦΕΡΗ  |b ΕΥΑΓΓΕΛΙΑ  |z 2004/02/16